00974 a2200181 45000010006000000050017000060080041000230030015000640400040000790800151001192450042002700200022003122640106003343000026004405050169004661000027006358560130006621880720260407155459.0260407a2010 arg spa dAR-UNSa-BCEJYS aAR-UNSa-BCEJYSbspacAR-UNSa-BCEJYS a347.77xPropiedad industrial, comercial y científica. Derecho sobre patentes y marcas. Registro de modelos, planos, marcas y nombres comerciales10aGuía sobre patentes farmacéuticas a978-987-03-1581-0 1aBuenos Aires :bUniversidad de Buenos Aires. Facultad de Derecho. Departamento de Publicacionesc2010 axxiii, 247 p.c24 cm. a1. Novedad - 2. Actividad inventiva - 3. Aplicación industrial/utilidad - 4. Métodos de diagnóstico, quirúrgicos y terapéuticos - 5. Segundas indicaciones1 aCorrea, Carlos María41uhttps://biblioeco.unsa.edu.ar/pmb/images/libros/Guia sobre patentes farmaceuticas2-l117902.jpgyImagen de portadaqimage/jpeg